000 00655nam a2200241Ia 4500
003 OSt
005 20220918224543.0
006 a|||||r|||| 00| 0
007 ta
008 220917b |||||||| |||| 00| 0 eng d
024 _a230,019
037 _cTextual
040 _aARTS
_cARTS
_beng
041 _2eng
_aeng
082 _aY217:4(S5).2, P5
100 _aVanita Ruth
_927025
245 0 _aLove's rite
_b same - sex marriage in India and the west
260 _aNew York
_bPlgrave
_c2005
300 _axiii, 274p.
_ccm.
650 _aSOCIOLOGY
942 _hY217:4(S5).2, P5
_cTEXL
_2CC
999 _c281650
_d281650